000 00179nam a2200085Ia 4500
008 240331s9999 xx 000 0 und d
100 _aDurai,S
245 0 _aMarxsiya nokku
942 _cL
999 _c4621
_d4621